NFL Wide Receiver Colleges - Statistics

General Stats
  • This quiz has been taken 196 times
  • The average score is 45 of 64
Answer Stats
Hint Answer % Correct
Atlanta Falcons Calvin Ridley Alabama
98%
Cleveland Browns Amari Cooper Alabama
98%
Jerry Jeudy Alabama
98%
Miami Dolphins Jaylen Waddle Alabama
98%
DeVonta Smith Alabama
98%
Cincinnati Bengals Ja'Marr Chase LSU
97%
Detroit Lions DJ Chark LSU
97%
Odell Beckham Jr. LSU
97%
Minnesota Vikings Justin Jefferson LSU
97%
Jarvis Landry LSU
97%
Arizona Cardinals DeAndre Hopkins Clemson
93%
Tee Higgins Clemson
93%
Mike Williams Clemson
93%
Kyle Pitts Florida
91%
Kadarius Toney Florida
91%
Parris Campbell Ohio State
91%
New Orleans Saints Michael Thomas Ohio State
91%
Garrett Wilson Ohio State
91%
Washington Commanders Terry McLaurin Ohio State
91%
Mark Andrews Oklahoma
91%
Dallas Cowboys CeeDee Lamb Oklahoma
91%
Indianapolis Colts Michael Pittman Jr. USC
85%
JuJu Smith-Schuster USC
85%
Nelson Agholor USC
85%
Robert Woods USC
85%
TJ Hockenson Iowa
78%
George Kittle Iowa
78%
Buffalo Bills Stefon Diggs Maryland
78%
Carolina Panthers DJ Moore Maryland
78%
New York Jets Elijah Moore Ole Miss
78%
Philadelphia Eagles AJ Brown Ole Miss
78%
Seattle Seahawks DK Metcalf Ole Miss
78%
Donovan Peoples-Jones Michigan
77%
Nico Collins Michigan
77%
Tampa Bay Buccaneers Mike Evans Texas A&M
77%
Kansas City Chiefs Travis Kelce Cincinnati
76%
Cole Kmet Notre Dame
73%
Chase Claypool Notre Dame
73%
Chris Godwin Penn State
69%
Jahan Dotson Penn State
69%
Las Vegas Raiders Davante Adams Fresno State
68%
Baltimore Ravens Rashod Bateman Minnesota
68%
San Francisco 49ers Deebo Samuel South Carolina
61%
Tennessee Titans Treylon Burks Arkansas
54%
James Washington Oklahoma State
54%
Rondale Moore Purdue
53%
Los Angeles Rams Cooper Kupp Eastern Washington
52%
New England Patriots Kendrick Bourne Eastern Washington
52%
Marvin Jones Jr. California
48%
Los Angeles Chargers Keenan Allen California
48%
Green Bay Packers Allen Lazard Iowa State
48%
Houston Texans Brandin Cooks Oregon State
48%
Tyler Lockett Kansas State
46%
Darren Waller Georgia Tech
41%
Jacksonville Jaguars Laviska Shenault Jr. Colorado
39%
Denver Broncos Courtland Sutton SMU
35%
Tyreek Hill West Alabama
34%
Adam Thielen Minnesota State
32%
Pittsburgh Steelers Diontae Johnson Toledo
30%
Gabriel Davis Central Florida
27%
Chicago Bears Darnell Mooney Tulane
27%
Robby Anderson Temple
25%
New York Giants Kenny Golladay Northern Illinois
13%
Robert Tonyan Indiana State
8%
No matching quizzes found
Score Distribution
Percent of People with Each Score
Percentile by Number Answered
Your Score History
You have not taken this quiz